000 00694nam a2200289Ia 4500
005 20260324112144.0
008 008 260324s9999 xx 000 0 eng d
020 _a9781003171560
037 _aEBOOK
040 _aCRL
040 _beng
040 _cCRL
041 _2eng
041 _aeng
084 _qCRL
100 _aMahesh Ranjan Debata; Selbi Hanova
_91141518
245 0 _aIndia and Inner Asia
245 0 _bCommerce, Culture and Connectivity
260 _bTaylor and Francis
260 _c2024
365 _a
365 _b230
856 _uhttp://www.taylorfrancis.com/books/9781003171560
942 _cEBOOK
999 _c1730625
_d1730625